Psicología de la educación: encuentro de persona a persona

Saved in:
Bibliographic Details
Main Authors: Tausch, Reinhard (Author), Tausch, Anne-Marie (Author)
Format: Book
Language:Spanish
Published: Barcelona Herder 1981
Edition:8a. ed
Subjects:
Tags: Add Tag
No Tags, Be the first to tag this record!

MARC

LEADER 00000nam a2200000 a 4500
001 UCY8098
003 CL-VaPUC
008 950623e19810000SP |||||||||||||||||spa|d
082 0 4 |a 370.15  |b TAU  |2 21 
100 0 |a Tausch, Reinhard  |e author  |9 339218 
700 0 |a Tausch, Anne-Marie  |e author  |9 339219 
245 1 0 |a Psicología de la educación: encuentro de persona a persona 
250 |a 8a. ed 
300 |a 443 p 
942 |c BK 
945 |d 19950623 00:00:00  |a cmena 
260 |a Barcelona  |b Herder  |c 1981 
650 0 |a Psicología educacional   |9 307830 
650 0 |a Procesos de aprendizaje  |9 309161 
650 0 |a Relaciones interpersonales  |9 307056 
650 0 |a Personalidad   |9 307255 
650 0 |a Desarrollo individual   |9 307875 
650 0 |a Interacción social   |9 307764 
650 0 |a Métodos de aprendizaje  |9 334464 
650 0 |a Liderazgo  |9 271835 
583 |a last modification  |c 19950623 00:00:00  |k Rodrigo Vera 
999 |c 235378  |d 235376 
952 |0 0  |1 0  |4 0  |6 370_150000000000000_TAU_1981  |7 0  |8 A  |9 242756  |a BIBEDU  |b BIBEDU  |d 2019-11-18  |i 152237K  |o 370.15 TAU 1981  |p 152237K  |r 2019-11-18  |w 2019-11-18  |y BK  |k EDU